El estrecho dudoso
Poesía que presenta discurso político en el que se hace alusión a un histórico imaginario de Nicaragua. Consiste en un canal transoceánico que pudo tener lugar en una zona propia de Nicaragua y que podría conectar al océano. Se desarrolla en 25 cantos que cubren los años desde la llegada de Colón, h...
Guardat en:
| Autor principal: | |
|---|---|
| Format: | Llibre |
| Idioma: | Undetermined |
| Publicat: |
San José, Costa Rica
EDUCA
1971
|
| Matèries: | |
| Etiquetes: |
Afegir etiqueta
Sense etiquetes, Sigues el primer a etiquetar aquest registre!
|
MARC
| LEADER | 00000nam a2200000Ia 4500 | ||
|---|---|---|---|
| 008 | 170316s9999 xx 000 0 und d | ||
| 040 | |a cru BVZT | ||
| 090 | |a 860 C-13e | ||
| 100 | |a Cardenal, Ernesto |9 1356 | ||
| 245 | |a El estrecho dudoso | ||
| 260 | |a San José, Costa Rica | ||
| 260 | |b EDUCA | ||
| 260 | |c 1971 | ||
| 300 | |a 162 páginas | ||
| 520 | |a Poesía que presenta discurso político en el que se hace alusión a un histórico imaginario de Nicaragua. Consiste en un canal transoceánico que pudo tener lugar en una zona propia de Nicaragua y que podría conectar al océano. Se desarrolla en 25 cantos que cubren los años desde la llegada de Colón, hasta la destrucción de la antigua Granada por el volcán Momotombo. | ||
| 650 | |a LITERATURA LATINOAMERICANA |9 15 | ||
| 999 | |c 8482 |d 8482 | ||
| 942 | |c SALA |h 860 C-13e |2 z | ||
